Największe miasta w Polsce - Statystyki

Ogólne statystyki
  • Ten quiz został rozwiązany 23 razy
  • Średni wynik to 8 z 10
Statystyki odpowiedzi
Ilość hektarów Nazwa Miasta % Poprawnych
51 720 Warszawa
100%
68 300 Gdańsk
95%
30 062 Szczecin
95%
32 685 Kraków
90%
29 325 Łódź
90%
26 191 Poznań
90%
29 280 Wrocław
86%
39 151 Gdynia
76%
27 536 Zielona Góra
38%
20 207 Świnoujście
29%
Nie znaleziono quizów pasujących do podanych kryteriów
Rozkład punktacji
Procent ludzi z każdym wynikiem
Percentyl według liczby udzielonych odpowiedzi
Twoja historia wyników
Nie rozwiązałeś tego quizu